[Event "Nice ol (Men)"]
[Site "Nice FRA"]
[Date "1974.??.??"]
[Round "9"]
[White "Rubinetti, Jorge A"]
[Black "Donner, Jan-Hein"]
[Result "0-1"]
[WhiteElo "2415"]
[BlackElo "2495"]
[PlyCount "96"]
[EventDate "1974.06.06"]
[Source "www.chesslib.no"]
[SourceDate "2004.05.04"]

1. d4 Nf6 2. c4 g6 3. Nc3 Bg7 4. e4 O-O 5. Be3 d6 6. f3 b6 7. Bd3 a6 8. Nge2 c5 9. e5 Nfd7 10. exd6 exd6 11. Qd2 Nf6 12. O-O Nc6 13. Rad1 Re8 14. Bc2 Na5 15. b3 Bd7 16. Rfe1 Nb7 17. Bg5 Bc6 18. d5 Bd7 19. Ng3 Rxe1+ 20. Rxe1 Qf8 21. Qf4 Ne8 22. Be7 Bh6 23. Qh4 Qg7 24. Nce4 Qd4+ 25. Kh1 Bg7 26. f4 h6 27. f5 Bxf5 28. Nxf5 gxf5 29. Ng3 Qd2 30. Nxf5 Qxc2 31. Nxh6+ Bxh6 32. Qxh6 Qg6 33. Qf8+ Kh7 34. Rf1 Qg8 35. Rxf7+ Ng7 36. Qxg8+ Kxg8 37. Rf1 Re8 38. Bg5 Nd8 39. h4 Nf7 40. Bf4 Nh5 41. g4 Nxf4 42. Rxf4 Re2 43. g5 Kg7 44. Kg1 Rxa2 45. Rf6 Re2 46. Re6 Rxe6 47. dxe6 Ne5 48. Kf2 Kf8 0-1

[Event "DDR Ch 34th"]
[Site "Jueterbog"]
[Date "1985.??.??"]
[Round "4"]
[White "Knaak, Rainer F A"]
[Black "Paehtz, Thomas sr"]
[Result "0-1"]
[WhiteElo "2530"]
[BlackElo "2380"]
[PlyCount "90"]
[EventDate "1985.02.??"]
[Source "www.chesslib.no"]
[SourceDate "2004.05.04"]

1. d4 Nf6 2. c4 g6 3. Nc3 Bg7 4. e4 d6 5. f3 O-O 6. Be3 b6 7. Bd3 Nfd7 8. Qd2 c5 9. d5 Ne5 10. Be2 a6 11. a4 e6 12. Bg5 f6 13. Be3 Ra7 14. f4 exd5 15. Qxd5+ Nf7 16. Bf3 Nc6 17. Nge2 Qe8 18. Qd3 g5 19. Bh5 Nb4 20. Qd2 gxf4 21. Nxf4 Be6 22. b3 f5 23. O-O fxe4 24. Rae1 Bf5 25. Nfd5 Nxd5 26. Nxd5 Qe5 27. Nxb6 Be6 28. Bd1 Rb7 29. a5 Bf5 30. Rf2 Qe6 31. Bc2 Ne5 32. h3 Nc6 33. Nd5 Nd4 34. Nf4 Qe5 35. Nh5 Bxh3 36. Rxf8+ Kxf8 37. Rf1+ Kg8 38. gxh3 Qxh5 39. Bxe4 Re7 40. Bg2 Ne2+ 41. Kf2 Bd4 42. Qxe2 Bxe3+ 43. Qxe3 Rxe3 44. Kxe3 Qe5+ 45. Kf3 Qb2 0-1

[Event "JUG Team Ch"]
[Site "Cetinje"]
[Date "1993.??.??"]
[Round "7"]
[White "Djukic, Zeljko"]
[Black "Vukic, Milan"]
[Result "1/2-1/2"]
[WhiteElo "2410"]
[BlackElo "2500"]
[PlyCount "23"]
[EventDate "1993.??.??"]
[Source "www.chesslib.no"]
[SourceDate "2004.05.04"]

1. d4 Nf6 2. c4 g6 3. Nc3 Bg7 4. e4 d6 5. f3 O-O 6. Be3 b6 7. Bd3 a6 8. Nge2 c5 9. e5 Ne8 10. Be4 Ra7 11. dxc5 bxc5 12. Bxc5 1/2-1/2

[Event "Evry GM 2nd"]
[Site "Evry"]
[Date "2002.04.27"]
[Round "6"]
[White "Murey, Jacob"]
[Black "Vassallo, Mauricio"]
[Result "1/2-1/2"]
[WhiteElo "2472"]
[BlackElo "2438"]
[PlyCount "101"]
[EventDate "2002.04.22"]
[Source "ChessBase"]
[SourceDate "2002.07.08"]

1. e4 g6 2. d4 Bg7 3. c4 d6 4. Nc3 Nf6 5. f3 O-O 6. Be3 b6 7. Bd3 Nfd7 8. Nge2 c5 9. Bc2 Nc6 10. d5 Nb4 11. Bb3 Ne5 12. O-O e6 13. a3 Na6 14. Qd2 Nc7 15. dxe6 fxe6 16. Bg5 Bf6 17. Bxf6 Qxf6 18. f4 Nf7 19. Rad1 Bb7 20. Qe1 Rad8 21. Rd3 Qe7 22. Qd2 a6 23. Rg3 Kh8 24. a4 Rg8 25. Qe3 Rg7 26. Bc2 Re8 27. e5 d5 28. Qd3 Rd8 29. cxd5 Nxd5 30. Nxd5 Rxd5 31. Qb3 Nh6 32. Nc3 Rd4 33. Qxb6 Rb4 34. Qa5 Rxb2 35. Be4 Qc7 36. Qxc7 Rxc7 37. Rd3 Nf5 38. Rd8+ Kg7 39. Rb1 Rb4 40. g4 Ne3 41. g5 Bxe4 42. Rxb4 cxb4 43. Nxe4 b3 44. Kf2 b2 45. Rb8 Nd1+ 46. Kf3 a5 47. Nd6 Rc1 48. Rb7+ Kf8 49. Rb8+ Ke7 50. Rb7+ Kd8 51. Nf7+ 1/2-1/2

[Event "Val Maubuee Open"]
[Site "Val Maubuee"]
[Date "1990.??.??"]
[Round "?"]
[White "Plachetka, Jan"]
[Black "Lanka, Zigurds"]
[Result "1/2-1/2"]
[WhiteElo "2425"]
[BlackElo "2480"]
[PlyCount "48"]
[EventDate "1990.??.??"]
[Source "www.chesslib.no"]
[SourceDate "2004.05.04"]

1. d4 Nf6 2. c4 g6 3. Nc3 Bg7 4. e4 d6 5. f3 O-O 6. Nge2 c5 7. Be3 b6 8. Qd2 Nc6 9. d5 Ne5 10. b3 e6 11. Ng3 exd5 12. cxd5 a6 13. Be2 b5 14. O-O Re8 15. Bh6 Bh8 16. Rac1 Qa5 17. Rc2 Bd7 18. h3 c4 19. bxc4 Nxc4 20. Bxc4 bxc4 21. Rb1 Rab8 22. Rxb8 Rxb8 23. Nge2 Ne8 24. Be3 Nc7 1/2-1/2